| 000 | 01049cad a22002055a 4500 | ||
|---|---|---|---|
| 001 | E154168 | ||
| 008 | 111024s2011 xxk f s000 0 eng d | ||
| 020 | _a9781780454351 | ||
| 035 | _a(Sirsi) u154168 | ||
| 041 | 0 | _aeng | |
| 110 | 2 |
_aScotland _bScottish Government _95344 |
|
| 245 | 0 | 0 |
_aCouncil tax on long-term empty properties and the housing support grant _bconsultation on proposals for legislation _h[electronic resource] |
| 260 |
_aEdinburgh _bScottish Government _c2011 |
||
| 520 | _aSeeks views on proposed legislation which would give powers to local authorities to raise council tax levels for properties which remain empty for longer than six months, and which would scrap Housing Support Grants to local authorities. Deadline for comments is 10 January 2012. | ||
| 590 | _aKA | ||
| 651 | 4 |
_aScotland _y1999- |
|
| 690 | _aPROPERTY-RESIDENTIAL PROPERTY-RESIDENTIAL PROPERTY TAXATION | ||
| 856 | 4 | 0 |
_uhttps://www.scotland.gov.uk/Publications/2011/10/17105007/0 _zView the consultation free of charge at www.scotland.gov.uk |
| 942 | _n0 | ||
| 999 |
_c112872 _d112872 |
||